Manual of methods in aquatic environment research : biological assessment of marine pollution-with particular reference to benthos
Αποθηκεύτηκε σε:
| Κύριος συγγραφέας: | |
|---|---|
| Συγγραφή απο Οργανισμό/Αρχή: | |
| Άλλοι συγγραφείς: | , |
| Μορφή: | Βιβλίο |
| Γλώσσα: | English |
| Δημοσίευση: |
Rome :
FAO,
1992
|
| Σειρά: | FAO Fisheries technical paper ;
; 324 |
| Θέματα: | |
| Ετικέτες: |
Προσθήκη ετικέτας
Δεν υπάρχουν, Καταχωρήστε ετικέτα πρώτοι!
|
MARC
| LEADER | 00000nam a2200000 i 4500 | ||
|---|---|---|---|
| 001 | 1/11408 | ||
| 008 | 971006s1992 eng d | ||
| 020 | |a 92-5-103136-3 | ||
| 035 | |1 ΠΑΡ |a 1997 |l 10018242 | ||
| 040 | |a GR-MY-UA |b gre |e aacr | ||
| 041 | 0 | |a eng | |
| 082 | 0 | |a 639.2 | |
| 100 | 1 | |a Gray, John S. | |
| 245 | 1 | 0 | |a Manual of methods in aquatic environment research : |b biological assessment of marine pollution-with particular reference to benthos / |c John S. Gray; Alasdair D. McIntyre; Jose Stirn ; Prepared in cooperation with United Nations Environment Programme Mediterranean Action Plan |
| 260 | |a Rome : |b FAO, |c 1992 | ||
| 300 | |a 49 p. | ||
| 490 | 1 | |a FAO Fisheries technical paper |v ; 324 | |
| 504 | |a Includes bibliographical references | ||
| 650 | 0 | 0 | |a Aquatic sciences |x Research |x Technique. |
| 650 | 0 | 0 | |a Water |x Pollution |x Measurement |x Technique. |
| 650 | 0 | 0 | |a Water |x Analysis. |
| 700 | 1 | |a McIntyre, A. D. | |
| 700 | 1 | |a Stirn, Joze. | |
| 710 | 2 | |a United Nations Environment Programme. |b Mediterranean Action Plan. | |
| 830 | 0 | |a FAO Fisheries technical paper ; |v ; 324 | |
| 852 | |a INST |b LESVOS |e 19971006 |h 639.2 GRA |p 005100015596 |q 005100015596 |t BK |y 0 |z part.11 | ||
| 852 | |a INST |b LESVOS |e 19971006 |h 639.2 GRA |p 005100015596 |q 005100015596 |t BK |v part.11: |y 0 |z part.11 | ||
| 853 | |a INST |b LESVOS |h 639.2 GRA | ||
| 909 | |a Λ |b 046647 | ||